000 00670nam a2200241 a 4500
001 0001-1098
003 ELIB.Books
008 150116 2010 eng
020 _a0842312439
035 _a(ELIB.Books)0001-1253
092 _a253.5
_bJoh
100 _aJones, Thimothy
245 _aThe Friendship Connection:
_bHow Mentors and Friends can Make your Faith Strong
260 _aWheaton
_bTyndale House Publishers, Inc.
_c1993
300 _a141
_c21 Cm
500 _aC/o Moe Lwai
650 _aPastoral Theology
856 _nKBTS; Library
_uKBTS; Elib.
942 _2ddc
_cBK
990 _a1
998 _cbat
_e2015-01-16
999 _c11098
_d11098